| 000 | 00540nam a2200205Ia 4500 | ||
|---|---|---|---|
| 003 | OSt | ||
| 005 | 20231212163713.0 | ||
| 008 | 210210b1932 xxu||||| |||| 00| 0 eng d | ||
| 040 | _cAL | ||
| 041 | _aHindi | ||
| 082 | _a869/275 | ||
| 100 |
_aSHARMA (Hrishikesh) Ed _9145573 |
||
| 245 |
_aPrem panchmi _bप्रेम पंचमी |
||
| 260 |
_aMadras _bDakshin Bharat Hindi Pracha Sabha _c1932 |
||
| 650 |
_aPrem _9145574 |
||
| 650 |
_apanchmi _9145575 |
||
| 690 |
_aHindi Fiction _9145576 |
||
| 906 | _a024074 | ||
| 942 |
_2ddc _cBK |
||
| 999 |
_c149037 _d149037 |
||